[Event "FIDE World Uni Blitz-D 1st"]
[Site "Tornelo INT"]
[Date "2021.03.13"]
[Round "4.41"]
[White "Heredia Madrigal, Andrei"]
[Black "Melendez, Jose Armando"]
[Result "1-0"]
[WhiteElo "2040"]
[BlackElo "1261"]
[PlyCount "63"]
[EventDate "2021.03.13"]
[EventType "swiss (blitz)"]
[EventRounds "10"]
[EventCountry "NET"]
[SourceTitle "EXT 2022"]
[Source "ChessBase"]
[SourceDate "2021.10.06"]
[SourceVersion "1"]
[SourceVersionDate "2021.10.06"]
[SourceQuality "1"]

1. e4 e5 2. Nf3 Nf6 3. Bc4 Nxe4 4. Nxe5 d5 5. Qf3 Nf6 6. Bb3 Be7 7. 0-0 0-0 8. d4 Nbd7 9. Nc3 c6 10. Bf4 Re8 11. Rfe1 Nf8 12. Ne2 a5 13. c3 a4 14. Bc2 Ng6 15. Ng3 Be6 16. Nxg6 hxg6 17. Bxg6 Bg4 18. Qd3 fxg6 19. Qxg6 Qd7 20. h3 Be6 21. Be5 Bf7 22. Qd3 Bd6 23. f4 b5 24. a3 Ra7 25. Nf5 Bxe5 26. dxe5 Ne4 27. g4 Bg6 28. Nd4 Qf7 29. f5 Bxf5 30. Nxf5 Ng5 31. Nd6 Nf3+ 32. Kh1 1-0

[Event "FIDE World Uni Blitz-D 1st"]
[Site "Tornelo INT"]
[Date "2021.03.13"]
[Round "9.57"]
[White "Melendez, Jose Armando"]
[Black "Rompich Cotzojay, Rudik Roberto"]
[Result "0-1"]
[WhiteElo "1261"]
[BlackElo "1854"]
[PlyCount "30"]
[EventDate "2021.03.13"]
[EventType "swiss (blitz)"]
[EventRounds "10"]
[EventCountry "NET"]
[SourceTitle "EXT 2022"]
[Source "ChessBase"]
[SourceDate "2021.10.06"]
[SourceVersion "1"]
[SourceVersionDate "2021.10.06"]
[SourceQuality "1"]

1. Nf3 d5 2. d4 Nf6 3. c4 c6 4. g3 e6 5. Bg2 Be7 6. 0-0 0-0 7. b3 Nbd7 8. Nbd2 a5 9. a4 dxc4 10. Nxc4 c5 11. Bb2 Nd5 12. e4 Nb4 13. d5 exd5 14. Qxd5 Nxd5 15. exd5 Bf6 0-1